International business : (Record no. 7714)

MARC details
000 -LEADER
fixed length control field 01405cam a22003495a 4500
005 - DATE AND TIME OF LATEST TRANSACTION
control field 20201128013341.0
008 - FIXED-LENGTH DATA ELEMENTS--GENERAL INFORMATION
fixed length control field 090105t2008 nyua frb 001 0 eng d
010 ## - LIBRARY OF CONGRESS CONTROL NUMBER
LC control number 2006100721
020 ## - INTERNATIONAL STANDARD BOOK NUMBER
International Standard Book Number 9780071100892 (alk. paper)
020 ## - INTERNATIONAL STANDARD BOOK NUMBER
International Standard Book Number 007110089X
020 ## - INTERNATIONAL STANDARD BOOK NUMBER
International Standard Book Number 0071286675
020 ## - INTERNATIONAL STANDARD BOOK NUMBER
International Standard Book Number 9780071286671
035 ## - SYSTEM CONTROL NUMBER
System control number (OCoLC)ocm76937437
035 ## - SYSTEM CONTROL NUMBER
System control number (OCoLC)76937437
040 ## - CATALOGING SOURCE
Original cataloging agency EG-ScBUE
Language of cataloging eng
Transcribing agency EG-ScBUE
Modifying agency EG-ScBUE
082 04 - DEWEY DECIMAL CLASSIFICATION NUMBER
Classification number 658.049
Item number INT
Edition number 22
245 00 - TITLE STATEMENT
Title International business :
Remainder of title the challenge of global competition /
Statement of responsibility, etc Donald A. Ball ... [et al.].
250 ## - EDITION STATEMENT
Edition statement 11th ed., International student ed.
260 ## - PUBLICATION, DISTRIBUTION, ETC. (IMPRINT)
Place of publication, distribution, etc New York :
Name of publisher, distributor, etc McGraw-Hill Irwin,
Date of publication, distribution, etc c.2008.
300 ## - PHYSICAL DESCRIPTION
Extent 1 v. (various pagings) :
Other physical details ill. (col.) ;
Dimensions 29 cm.
504 ## - BIBLIOGRAPHY, ETC. NOTE
Bibliography, etc Includes bibliographical references and indexes.
650 #7 - SUBJECT ADDED ENTRY--TOPICAL TERM
Topical term or geographic name as entry element International business enterprises
General subdivision Management.
Source of heading or term BUEsh
650 #7 - SUBJECT ADDED ENTRY--TOPICAL TERM
Topical term or geographic name as entry element International business enterprises.
Source of heading or term BUEsh
650 #7 - SUBJECT ADDED ENTRY--TOPICAL TERM
Topical term or geographic name as entry element International economic relations.
Source of heading or term BUEsh
651 ## - SUBJECT ADDED ENTRY--GEOGRAPHIC NAME
Source of heading or term BUEsh
653 ## - INDEX TERM--UNCONTROLLED
Resource For college BAEPS, Business Administration
Arrived date list August2018
700 1# - ADDED ENTRY--PERSONAL NAME
Personal name Ball, Donald A.
9 (RLIN) 1614
856 41 - ELECTRONIC LOCATION AND ACCESS
Materials specified Table of contents only
Uniform Resource Identifier <a href="http://www.loc.gov/catdir/toc/ecip076/2006100721.html">http://www.loc.gov/catdir/toc/ecip076/2006100721.html</a>
856 41 - ELECTRONIC LOCATION AND ACCESS
Materials specified Publisher description
Uniform Resource Identifier <a href="http://www.loc.gov/catdir/enhancements/fy0730/2006100721-d.html">http://www.loc.gov/catdir/enhancements/fy0730/2006100721-d.html</a>
856 41 - ELECTRONIC LOCATION AND ACCESS
Materials specified Contributor biographical information
Uniform Resource Identifier <a href="http://www.loc.gov/catdir/enhancements/fy0735/2006100721-b.html">http://www.loc.gov/catdir/enhancements/fy0735/2006100721-b.html</a>
942 ## - ADDED ENTRY ELEMENTS (KOHA)
Source of classification or shelving scheme Dewey Decimal Classification
Holdings
Withdrawn status Item status Source of classification or shelving scheme Damaged status Not for loan Vendor Home library Current library Shelving location Date acquired Source of acquisition Total Checkouts Full call number Barcode Date last seen Date last borrowed Koha item type Total Renewals Cost, normal purchase price Cost, replacement price Materials specified (bound volume or other part)
    Dewey Decimal Classification     Baccah Central Library Central Library First floor 04/02/2008 Purchase 1 658.049 INT 000009282 15/07/2025 11/03/2010 NB - Book (Non borrowing)        
    Dewey Decimal Classification     Baccah Central Library Central Library First floor 04/02/2008 Purchase 11 658.049 INT 000009235 15/07/2025 09/10/2022 Book - Borrowing 6      
    Dewey Decimal Classification     Baccah Central Library Central Library First floor 05/01/2009 Purchase 3 658.049 INT 000009279 15/07/2025 07/04/2011 Book - Borrowing 1      
    Dewey Decimal Classification     Baccah Central Library Central Library First floor 05/01/2009 Purchase 2 658.049 INT 000009283 15/07/2025 16/11/2020 Book - Borrowing        
  Lost & Replaced Dewey Decimal Classification     Baccah Central Library Central Library First floor 05/01/2009 Purchase 7 658.049 INT 000009276 28/02/2019 21/11/2018 Book - Borrowing 3 240.00 300.00  
    Dewey Decimal Classification     Baccah Central Library Central Library First floor 05/01/2009 Purchase 5 658.049 INT 000009275 15/07/2025 18/12/2013 Book - Borrowing 4      
    Dewey Decimal Classification     Baccah Central Library Central Library First floor 05/01/2009 Purchase 5 658.049 INT 000009277 15/07/2025 16/12/2018 Book - Borrowing 14      
  Lost Dewey Decimal Classification     Baccah Central Library Central Library First floor 05/01/2009 Purchase 1 658.049 INT 000009281 20/10/2009 02/06/2009 Book - Borrowing 2     Lost In Inventory_2005-2015/8/22
    Dewey Decimal Classification     Baccah Central Library Central Library First floor 05/01/2009 Purchase 9 658.049 INT 000009280 15/07/2025 14/03/2012 Book - Borrowing 11      
    Dewey Decimal Classification     Baccah Central Library Central Library First floor 05/01/2009 Purchase 1 658.049 INT 000009278 15/07/2025 25/07/2011 Book - Borrowing        
    Dewey Decimal Classification     Donation-Gift Central Library Central Library First floor 10/06/2018 Donation   658.049 INT 000043435 15/07/2025   Book - Borrowing        
    Dewey Decimal Classification     Baccah Central Library Central Library First floor 11/03/2019 Purchase   658.049 INT 000044363 15/07/2025   Book - Borrowing   180.00